Jugar en serio: aventuras de Borges
Salvato in:
| Autore principale: | |
|---|---|
| Natura: | Libro |
| Lingua: | spagnolo |
| Pubblicazione: |
Ciudad de México
Paidós
1999
|
| Serie: | Colección Biblioteca Iberoamericana de Ensayos, 5
|
| Soggetti: | |
| Tags: |
Aggiungi Tag
Nessun Tag, puoi essere il primo ad aggiungerne!!
|
MARC
| LEADER | 00000nam a2200000 a 4500 | ||
|---|---|---|---|
| 001 | UCM4007 | ||
| 003 | CL-VaPUC | ||
| 008 | 020726e19990000MX |||||||||||||||||spa|d | ||
| 082 | 0 | 4 | |a 809 |b OLA |2 21 |
| 100 | |a Olaso, Ezequiel de |e autor |9 470495 | ||
| 245 | 1 | 0 | |a Jugar en serio: aventuras de Borges |
| 300 | |a 160 p | ||
| 942 | |c BK | ||
| 945 | |d 20020726 00:00:00 |a vberengu | ||
| 260 | |a Ciudad de México |b Paidós |c 1999 | ||
| 600 | 0 | |a Borges, Jorge Luis |e autor |9 322093 | |
| 650 | 0 | |a Crítica e interpretación literaria |9 266284 | |
| 583 | |a last modification |c 20020726 00:00:00 |k Rodrigo Vera | ||
| 490 | 0 | |a Colección Biblioteca Iberoamericana de Ensayos, 5 | |
| 999 | |c 300922 |d 300920 | ||
| 952 | |0 0 |1 0 |4 0 |6 809_000000000000000_OLA_1999 |7 0 |8 A |9 359331 |a FDOPOS |b FDOPOS |d 2019-11-21 |i 3832376 |o 809 OLA 1999 |p 3832376 |r 2025-01-22 |w 2019-11-21 |y BK |k MLH | ||